01906 2200253 4500001002100000005001500021035002000036007000300056008004100059020002200100082001200122084001800134100003800152245006400190300004600254700003400300700002500334520116500359600001301524264003101537336003101568337003001599338002301629INLIS00000000000036220210210110053 a0010-0221000155ta210210 d 0 ind  a978-602-6847-22-5 a370.154 a370.154 DYA p0 aDyah Utami PuspitariniePengarang1 aPanduan Anti NArkoba untuk Remaja /cDyah Utami Puspitarini avi, 88 Halaman :bIlustrasi ;c15 x 21 cm0 aSatrio A. BudimaneIlustrator0 aYam RonieIlustrator aNarkoba adalah musuh bangsa Indonesia. Persebaran dan penyalahgunaan narkoba sangat marak merusak moral dan peluang remaja Indonesia untuk berprestasi. Karena narkoba, generasi muda bisa terpuruk dan tak mampu membangun negeri ini menjadi lebih baik ke depannya. Jalur distribusi narkoba menyelusup hingga ke tahap yang mencemaskan, siswa sekolah menjadi sasaran besar untuk menjadi pengguna coba-coba dikarenakan tren negatif yang seolah mengidentikkan narkoba dengan kehebatan tersendiri bagi remaja. Kesalahan arah remaja ini yang tidak dapat dibiarkan atau ditunggu hingga dampaknya muncul ke permukaan. Pencegahan dan pembekalan pemahaman para siswa dan remaja pada umumnya harus segera dibenahi, demi generasi penerus yang kelak akan membawa perubahan positif bagi bangsa dan negara yang kita cintai ini. Buku ini berusaha untuk memberi pencerahan pada generasi penerus bangsa dan negara kita, anak muda Indonesia, untuk berperang melawan penyalahgunaan narkoba. Dibekali buku ini, para remaja akan siap untuk menghindari narkoba, dan membantu siapa pun yang mereka sayangi untuk terbebas dari jeratan narkoba yang berbahaya, sebelum segalanya terlambat. 4aMotivasi aJakarta :bErlangga,c2017 aTeks Bergambar2rdacontent aTanpa Perantara2rdamedia aVolume2rdacarrier